| 000 | 00410nam a22001577a 4500 | ||
|---|---|---|---|
| 003 | PILC | ||
| 005 | 20151013082809.0 | ||
| 008 | 151013b xxu||||| |||| 00| 0 eng d | ||
| 020 | _a0440242576 | ||
| 050 |
_aPZ 7 _b.G869 2004 |
||
| 100 | _aGrisham, John. | ||
| 245 |
_aSkipping christmas / _cJohn Grisham. |
||
| 260 |
_aNew York : _bDell Book, _c2004. |
||
| 300 |
_a227 pages ; _c19 cm. |
||
| 942 |
_2lcc _cBK _kFOR |
||
| 999 |
_c288848 _d288848 |
||